Señora vaca - Estadísticas

Estadísticas generales
  • Esta prueba ha sido intentada 20 veces
  • La puntuación promedio es 3 de 5
Estadísticas de respuestas
Respuestas % Correcto
Leche
100%
Queso
63%
Yogur
63%
Dulce de leche
38%
Manteca
31%
No se encontraron pruebas coincidentes
Distribución de puntuación
Porcentaje de gente con cada puntuación
Porcentaje por número respondido
Historial de tus puntuaciones
No has intentado esta prueba.